Estadísticas para Los fichajes más caros del fútbol - Futbolistas croatas

Haz click aquí para intentar la prueba.

Estadísticas generales

  • Esta prueba ha sido intentada 38 veces
  • La puntuación promedio es 7 de 10

Estadísticas de respuestas

Fee (M €)SeasonLeftJoinedPlayer% Correcto
35,002012-2013TottenhamReal MadridLuka Modric
100%
90,002023-2024RB LeipzigManchester CityJosko Gvardiol
97%
36,802021-2022Dinamo ZagrebRB LeipzigJosko Gvardiol
97%
45,002019-2020Real MadridChelseaMateo Kovacic
97%
38,002015-2016InterReal MadridMateo Kovacic
97%
29,102023-2024ChelseaManchester CityMateo Kovacic
97%
25,302014-2015SouthamptonLiverpoolDejan Lovren
51%
25,002023-2024Stade RennesVfL WolfsburgoLovro Majer
27%
29,402016-2017Dinamo ZagrebJuventusMarko Pjaca
16%
30,002021-2022CSKA MoscúWest HamNikola Vlašić
14%

Distribución de puntuación

Porcentaje por número respondido

Porcentaje de gente con cada puntuación

Historial de tus puntuaciones

No has intentado esta prueba.